| 000 | 00360 a2200157 4500 | ||
|---|---|---|---|
| 001 | 62248 | ||
| 020 | _a1579121128 | ||
| 040 | _cAnchieta - Pituba | ||
| 100 | _aLeventhal, Josh | ||
| 240 | 1 | 0 |
_aTake me out to the ballpark _lpor |
| 245 | 1 | 0 | _aTake me out to the ballpark |
| 300 | _a128 | ||
| 362 | 0 | _a2000 | |
| 650 | 4 | _aInglês e inglês antigo | |
| 942 | _cBK | ||
| 999 |
_c62248 _d62248 |
||